| 000 | | | 03629nmc2a2200000 x 450 |
| 001 | | | 1f3e959b-7d6b-4d84-84e5-016f950ffc3f |
| 005 | | | 20151224102817.0 |
| 100 | ## | $a | 20150130l18971906k l0rusy0189 ca |
| 101 | 0# | $a | rus |
| 102 | ## | $a | RU |
| 200 | 1# | $a | Три грамоты о пожаловании барона Николая Александровича Врангеля иностранными орденами (норвежский, баварский, саксонский) с приложением печатных статусов орденов |
| | $j | 1897-1906 гг. |
| 251 | ## | $c | Дело |
| 300 | ## | $a | Дело |
| 801 | #0 | $a | RU |
| | $b | РГИА |
| | $c | 20150130 |
| | $g | RCR |
| 801 | #1 | $a | RU |
| | $b | ГлавНИВЦ |
| | $c | 20150130 |
| | $2 | rusmarc |
| 801 | #2 | $a | RU |
| | $b | ПБ им. Б.Н. Ельцина |
| | $c | 20151224 |
| | $g | RCR |
| | $2 | rusmarc |
| 850 | ## | $a | РГИА |
| 852 | ## | $a | РГИА |
| | $e | Федеральное казенное учреждение "Российский государственный исторический архив" (РГИА) |
| | $j | 28 |
| 937 | ## | $h | РГИА |
| | $d | 12145233 |
| | $a | ASBIBLIO_SCAN |
| 462 | #0 | $1 | 00146b7a2a3-2139-4c9a-96fd-afbb226c52f6 |
| | $1 | 2001 |
| | $a | Архив барона Николая Александровича Врангеля |
| | $1 | 251 |
| | $c | Опись |
| | $1 | 852 |
| | $j | 1 |
| 461 | #0 | $1 | 0016e313960-f5d5-45e7-9ba9-a0527011194e |
| | $1 | 2001 |
| | $a | Врангель, барон Николай Александрович (р. 1869), генерал-лейтенант, управляющий делами великого князя михаила Александровича |
| | $1 | 251 |
| | $c | Фонд |
| | $1 | 852 |
| | $j | 920 |
| 215 | ## | $a | 18 л. |
| | $d | 36,5x26 см |
| 371 | ## | $a | Документ не является опубликованным и широко распространяемым |
| 105 | ## | $a | y### |
| 122 | 2# | $a | d |
| 035 | ## | $a | 1f3e959b-7d6b-4d84-84e5-016f950ffc3f |